000 00456nam a2200169Ia 4500
008 221030s9999 xx 000 0 und d
020 _a8123908601
041 _aEnglish
082 _a105.23
_bBlu
100 _aM. L. Blum
245 0 _aIndustrial Psychology : Its Theorectical & Social Foundations
_cby M. L. Blum, C. N. James
260 _bCBS Pub
_aNew Delhi
_c2004
300 _a631
650 _aBE Management
700 _aC. N. James
942 _cBK
999 _c4122
_d4122